000 00854cam a2200253 a 4500
001 000005944
003 OSt
005 20200930125306.0
008 870423s1984 sp f001 p spa
020 _a8400057813
040 _aDO-SdBNP
_bspa
_cBNPHU
082 _a861.64
_bA366a
100 1 _aAlegre Cudós, José Luis,
_d1951-
_916749
245 1 3 _aLa alegre noche de Don Francisco de Goya y de Quevedo /
_cJosé Luis Alegre Cudós.
260 _aZaragoza, España :
_bInstitución "Fernando el Católico",
_c1984.
300 _a120 p. ;
_c25 cm.
490 1 _a"San Jorge"
_vvol. 42
490 1 _aPublicación de la Institución "Fernando el Católico"
_vno. 989
590 _aInventariado, 2020 / DG
650 4 _aPoesía española
_9631
650 4 _aLiteratura española
_ySIGLO XXI
_94846
910 _aInventariado, 2020 / DG
942 _2ddc
_cLF1
999 _c5740
_d5740